书目信息 |
| 题名: |
名家精译古文观止
|
|
| 作者: | ;中华书局编辑部 编 | |
| 分册: | ||
| 出版信息: | 北京 中华书局 1993.2 |
|
| 页数: | 636页 | |
| 开本: | 20cm | |
| 丛书名: | ||
| 单 册: | ||
| 中图分类: | H194.1 | |
| 科图分类: | 41.272 | |
| 主题词: | 古典散文--注释--中国 | |
| 电子资源: | ||
| ISBN: | 7-101-00927-1 | |
| 000 | 00779nam0 2200253 45 | |
| 001 | 0193047969 | |
| 005 | 20070704153435.92 | |
| 010 | @a7-101-00927-1@dCNY27.00 | |
| 092 | @a社科306-508 | |
| 100 | @a19931103d1993 em y0chiy0121 ea | |
| 101 | 0 | @achi |
| 102 | @aCN@b110000 | |
| 105 | @ay z 000cy | |
| 200 | 10 | @a名家精译古文观止@AMING JIA JING YI GU WEN GUAN ZHI@f中华书局编辑部编@FZHONG HUA SHU JU BIAN JI BU BIAN |
| 210 | @a北京@c中华书局@d1993.2@h1999 | |
| 215 | @a636页@d20cm | |
| 517 | 1 | @a古文观止@AGU WEN GUAN ZHI |
| 540 | 1 | @a古文 观止@AGU WEN GUAN ZHI |
| 606 | @a古典散文@x注释@y中国 | |
| 690 | @aH194.1@v三版 | |
| 692 | @a41.272 | |
| 711 | 02 | @a中华书局编辑部@AZHONG HUA SHU JU BIAN JI BU@4编 |
| 801 | 0 | @aCN@bTSSF@c20070704 |
| 905 | @a10447@dH194.1@e247 | |
| 名家精译古文观止/中华书局编辑部编.-北京:中华书局,1993.2(1999) |
| 636页;20cm |
| ISBN 7-101-00927-1:CNY27.00 |
| ● |
| 相关链接 |
|
|
|
|
正题名:名家精译古文观止
索取号:H194.1/247
 
预约/预借
| 序号 | 登录号 | 条形码 | 馆藏地/架位号 | 状态 | 备注 |
| 1 | 0764678 | 207646788 | 第二样本阅览室/ [索取号:H194.1/247] | 在馆 | |
| 2 | 0764679 | 207646797 | 密集书库/ [索取号:H194.1/247] | 在馆 | |
| 3 | 0764680 | 207646804 | 密集书库/ [索取号:H194.1/247] | 在馆 |